Metoda LCA a její význam při hodnocení vlivu výrobních činností na životní prostředíi
Rôzne prístupy k hodnoteniu vplyvu ekonomických aktivít na životné prostredie. Metóda ekologickej bilancie (LCA). Kritériá pre hodnotenie výrobkov a ich označovanie s prívlastkom "ECO". Označovanie ekologicky šetrných výrobkov eco-label. V Česku existuje ocenenie ekologicky šetrný výrobok (skratka E...
Salvato in:
| Autore principale: | |
|---|---|
| Natura: | Capitolo di libro |
| Lingua: | ceco |
| Soggetti: | |
| Tags: |
Nessun Tag, puoi essere il primo ad aggiungerne!!
|
MARC
| LEADER | 00000naa$a2200000$$$4500 | ||
|---|---|---|---|
| 001 | 0031839 | ||
| 005 | 20221019103641.3 | ||
| 041 | 0 | |a cze | |
| 044 | |a SK | ||
| 245 | 1 | 0 | |a Metoda LCA a její význam při hodnocení vlivu výrobních činností na životní prostředíi |c Marcela Kožená |
| 520 | |a Rôzne prístupy k hodnoteniu vplyvu ekonomických aktivít na životné prostredie. Metóda ekologickej bilancie (LCA). Kritériá pre hodnotenie výrobkov a ich označovanie s prívlastkom "ECO". Označovanie ekologicky šetrných výrobkov eco-label. V Česku existuje ocenenie ekologicky šetrný výrobok (skratka EŠV). Udeľovanie ocenenia EŠV. | ||
| 610 | 2 | 0 | |a výrobky ekologické |
| 610 | 2 | 0 | |a značky environmentálne |
| 610 | 2 | 0 | |a označovanie tovarov |
| 610 | 2 | 0 | |a ecolabelling |
| 610 | 2 | 0 | |a cyklus výrobku životný |
| 610 | 2 | 0 | |a značky výrobkov |
| 610 | 2 | 0 | |a Česko |
| 100 | 1 | |a Kožená, Marcela | |